[Event "X Weekend B"]
[Site "Porto Sant'Elpidio ITA"]
[Date "2007.11.24"]
[Round "1"]
[White "Piergentili, Roberto"]
[Black "Marconi, Luca"]
[Result "1/2-1/2"]
[WhiteElo "1787"]
[BlackElo "1542"]
[PlyCount "57"]
[EventDate "2007.11.24"]

1. d4 Nf6 2. c4 g6 3. Nc3 d5 4. cxd5 Nxd5 5. e4 Nxc3 6. bxc3 Bg7 7. Bc4 c5 8.
Be3 Qa5 9. Ne2 O-O 10. Kf1 Nd7 11. Rc1 Nb6 12. Bb3 cxd4 13. cxd4 Nd7 14. f3 Re8
15. h4 h5 16. Nf4 Nf8 17. Rc5 Qd8 18. Qd3 Bd7 19. Kf2 Rc8 20. Rhc1 Rxc5 21.
Rxc5 Bh6 22. g3 e6 23. Qd2 Bg7 24. Nd3 Bc6 25. Nb4 Bd7 26. e5 Nh7 27. Qc2 Bf8
28. Nd3 Bxc5 29. Nxc5 1/2-1/2

[Event "X Weekend B"]
[Site "Porto Sant'Elpidio ITA"]
[Date "2007.11.24"]
[Round "1"]
[White "Sagripanti, Francesco"]
[Black "Santarelli, Enrico"]
[Result "0-1"]
[WhiteElo "1470"]
[BlackElo "1671"]
[PlyCount "96"]
[EventDate "2007.11.24"]

1. e4 g6 2. d4 Bg7 3. Be3 d6 4. Nf3 Nd7 5. c3 a6 6. Be2 e6 7. O-O b6 8. Qd3 Bb7
9. Rd1 Ne7 10. Nbd2 h6 11. h3 Nf6 12. Rac1 d5 13. e5 Ne4 14. Ne1 g5 15. Bf3
Nxd2 16. Rxd2 Nf5 17. b4 Nxe3 18. Qxe3 O-O 19. Nd3 Qe7 20. g4 Rfd8 21. Rdc2 Rd7
22. a3 Bc6 23. Nb2 a5 24. Be2 f6 25. Rf1 fxe5 26. dxe5 Rad8 27. Qd4 Bb7 28. Kh2
c5 29. bxc5 bxc5 30. Qe3 d4 31. cxd4 cxd4 32. Qd3 Bxe5+ 33. Kg1 Qf6 34. Nc4 Bc7
35. f3 Qf4 36. Rf2 Kg7 37. Nd2 Qg3+ 38. Kf1 Bf4 39. a4 Be3 40. Ke1 Bxf2+ 41.
Kd1 Be3 42. Kc1 Rc7 43. Rxc7+ Qxc7+ 44. Kb1 Bd5 45. Bd1 Bxd2 46. Qxd4+ Kg8 47.
Qxd2 Ba2+ 48. Kxa2 Rxd2+ 0-1

[Event "X Weekend B"]
[Site "Porto Sant'Elpidio ITA"]
[Date "2007.11.24"]
[Round "1"]
[White "Sagripanti, Michele"]
[Black "Orlandini, Alessandra"]
[Result "1-0"]
[WhiteElo "1614"]
[BlackElo "1440"]
[PlyCount "82"]
[EventDate "2007.11.24"]

1. e4 e5 2. Nf3 Nc6 3. Bb5 a6 4. Ba4 b5 5. Bb3 Nf6 6. O-O Nxe4 7. d4 exd4 8.
Re1 d5 9. Nxd4 Qf6 10. Nxc6 Qxf2+ 11. Kh1 Be6 12. Be3 Qh4 13. Ne5 Bd6 14. Nf3
Qf6 15. Bxd5 Rd8 16. Bd4 Qh6 17. Rxe4 O-O 18. Rh4 Qg6 19. Be4 f5 20. Bd3 Qf7
21. Ng5 Qg6 22. Rxh7 Rd7 23. Qh5 Qxh5 24. Rxh5 Bc4 25. Bxc4+ bxc4 26. c3 Be5
27. Nf3 Bxd4 28. cxd4 Re8 29. Nc3 g6 30. Rh4 Kg7 31. Ne5 Rde7 32. Nd5 Re6 33.
Nxc7 Kf6 34. Nxe8+ Rxe8 35. Rh7 Rb8 36. Nxc4 Rb4 37. b3 Ke6 38. Re1+ Kd5 39.
Rd7+ Kc6 40. Ree7 Rb8 41. Rd6+ Kb5 1-0

[Event "X Weekend B"]
[Site "Porto Sant'Elpidio ITA"]
[Date "2007.11.25"]
[Round "2"]
[White "Balzano, Filli"]
[Black "Gasparroni, Roberto"]
[Result "1/2-1/2"]
[WhiteElo "1446"]
[BlackElo "1506"]
[PlyCount "75"]
[EventDate "2007.11.24"]

1. e4 d6 2. d4 Nf6 3. Nc3 g6 4. Nf3 Bg7 5. Be2 c6 6. a4 a6 7. a5 b5 8. axb6
Qxb6 9. h3 Nbd7 10. O-O O-O 11. Ra3 e5 12. Rb3 Qa7 13. dxe5 dxe5 14. Be3 Qc7
15. Nd2 Rb8 16. Rxb8 Qxb8 17. Nb3 Qc7 18. Qd2 Rd8 19. Qc1 Nf8 20. Rd1 Ne6 21.
Rd2 Nf4 22. Rxd8+ Qxd8 23. Bxf4 exf4 24. Qxf4 Nh5 25. Bxh5 gxh5 26. Qd2 Qxd2
27. Nxd2 Bxc3 28. bxc3 Kg7 29. Kf1 Kf6 30. Ke2 Ke5 31. Kd3 Be6 32. Nf3+ Kf4 33.
Nd4 Bd7 34. Ne2+ Ke5 35. f4+ Kd6 36. Kc4 a5 37. Kb3 c5 38. c4 1/2-1/2

[Event "X Weekend B"]
[Site "Porto Sant'Elpidio ITA"]
[Date "2007.11.25"]
[Round "2"]
[White "Binci, Filippo"]
[Black "Marinucci, Johnny"]
[Result "1/2-1/2"]
[WhiteElo "1488"]
[BlackElo "1655"]
[PlyCount "86"]
[EventDate "2007.11.24"]

1. c4 e5 2. g3 g6 3. Bg2 Bg7 4. Nc3 Nf6 5. e4 O-O 6. d3 h6 7. Nge2 d6 8. O-O
Nc6 9. h3 Be6 10. Be3 Ne7 11. Qd2 Kh7 12. Nd5 Nfg8 13. f4 f6 14. g4 Qd7 15. f5
Bf7 16. h4 c6 17. Nxf6+ Nxf6 18. g5 Ng4 19. f6 Nxe3 20. Qxe3 h5 21. fxg7 Kxg7
22. Bh3 Be6 23. Kh2 a6 24. Bxe6 Qxe6 25. Qh3 Qxh3+ 26. Kxh3 Rad8 27. Rxf8 Rxf8
28. Kg2 Nc8 29. Rf1 Rxf1 30. Kxf1 Nb6 31. Nc3 Nd7 32. b4 Kf7 33. Kf2 Nf8 34.
Kf3 Ne6 35. Ne2 Ke7 36. a4 b6 37. Ke3 Kd7 38. d4 c5 39. bxc5 bxc5 40. d5 Nd8
41. Nc1 Nb7 42. Nb3 Kc7 43. a5 Kd7 1/2-1/2

[Event "X Weekend B"]
[Site "Porto Sant'Elpidio ITA"]
[Date "2007.11.25"]
[Round "2"]
[White "Binci, Luca"]
[Black "Balzano, Aldo"]
[Result "1/2-1/2"]
[WhiteElo "1650"]
[BlackElo "1581"]
[PlyCount "58"]
[EventDate "2007.11.24"]

1. d4 Nf6 2. c4 g6 3. Nc3 Bg7 4. e4 d6 5. f3 O-O 6. Be3 Nc6 7. Qd2 a6 8. O-O-O
e5 9. d5 Nd4 10. Nge2 Nxe2+ 11. Bxe2 Nh5 12. Bh6 Nf4 13. Bxg7 Nxe2+ 14. Nxe2
Kxg7 15. g4 b5 16. cxb5 axb5 17. Kb1 Bd7 18. h4 Qf6 19. Rdf1 c6 20. dxc6 Bxc6
21. h5 Rh8 22. h6+ Kf8 23. Nc3 Qe6 24. Rd1 Ke7 25. Nd5+ Bxd5 26. Qxd5 Qxd5 27.
Rxd5 Rab8 28. Rhd1 Rb6 29. Rc1 Rb7 1/2-1/2

[Event "X Weekend B"]
[Site "Porto Sant'Elpidio ITA"]
[Date "2007.11.25"]
[Round "2"]
[White "Di Pietro, Gabriele"]
[Black "Lorito, Giuseppe"]
[Result "1/2-1/2"]
[WhiteElo "1713"]
[BlackElo "1455"]
[PlyCount "46"]
[EventDate "2007.11.24"]

1. e4 e6 2. d4 d5 3. e5 c5 4. c3 Nc6 5. Nf3 Qb6 6. Be2 cxd4 7. cxd4 Bd7 8. Nc3
Nge7 9. Rb1 Nf5 10. Be3 Be7 11. O-O O-O 12. Qd2 h6 13. Rfc1 Rfc8 14. a3 Na5 15.
b4 Nc4 16. Bxc4 Rxc4 17. Nd1 Bb5 18. Nb2 Rxc1+ 19. Rxc1 Qd8 20. a4 Bd7 21. b5
a6 22. bxa6 Rxa6 23. Ra1 Rc6 1/2-1/2

[Event "X Weekend B"]
[Site "Porto Sant'Elpidio ITA"]
[Date "2007.11.25"]
[Round "2"]
[White "Gasparroni, Daniele"]
[Black "Sagripanti, Michele"]
[Result "0-1"]
[WhiteElo "1760"]
[BlackElo "1614"]
[PlyCount "87"]
[EventDate "2007.11.24"]

1. d4 Nf6 2. c4 g6 3. Nc3 Bg7 4. e3 d6 5. Nf3 O-O 6. Bd3 Nbd7 7. O-O c5 8. Re1
Nh5 9. Rb1 f5 10. Ne2 e5 11. dxe5 dxe5 12. e4 f4 13. Nc3 Nb6 14. Nd5 Nxd5 15.
cxd5 g5 16. Nxe5 Bxe5 17. Qxh5 Qf6 18. b3 Bd7 19. Bb2 Rae8 20. Bxe5 Rxe5 21.
Qd1 g4 22. Qc2 Qh4 23. g3 Qh6 24. Qc1 Rh5 25. Kf1 Rxh2 26. Ke2 Rxf2+ 27. Kd1
Qh3 28. Qxc5 Qxg3 29. Bc4 Be6 30. d6 Bxc4 31. Qxc4+ Kg7 32. Qd4+ Kg6 33. d7 Qh4
34. Qd6+ Qf6 35. Qd3 Rf3 36. Qd5 Rd8 37. Rc1 Re3 38. e5 Qf5 39. Qd6+ Kf7 40.
Kd2 Rxd7 41. Rc7 Rd3+ 42. Kc1 R3xd6 43. exd6 Rxc7+ 44. dxc7 0-1

[Event "X Weekend B"]
[Site "Porto Sant'Elpidio ITA"]
[Date "2007.11.25"]
[Round "2"]
[White "Giampieri, Stefano"]
[Black "Giri, Giovanni"]
[Result "1-0"]
[WhiteElo "1392"]
[BlackElo "1631"]
[PlyCount "75"]
[EventDate "2007.11.24"]

1. e4 d6 2. d4 Nf6 3. Nc3 g6 4. Be3 Bg7 5. Qd2 c6 6. f4 b5 7. a3 Ng4 8. h3 Nxe3
9. Qxe3 O-O 10. O-O-O a5 11. a4 b4 12. Nce2 Qb6 13. Qd3 Ba6 14. Qd2 Nd7 15. Nf3
c5 16. d5 Rfc8 17. Qe3 Qb7 18. g4 Rab8 19. Ng3 Bxf1 20. Rdxf1 c4 21. Nd4 Bxd4
22. Qxd4 Nc5 23. Rhg1 Qd7 24. g5 Qxa4 25. f5 c3 26. bxc3 Qa3+ 27. Kd2 bxc3+ 28.
Ke3 Rb4 29. Qd1 Nd7 30. fxg6 hxg6 31. h4 Ne5 32. h5 Qa2 33. hxg6 fxg6 34. Rh1
Nc4+ 35. Ke2 Rb2 36. Rh6 Rxc2+ 37. Ke1 Kg7 38. Rxg6+ 1-0

[Event "X Weekend B"]
[Site "Porto Sant'Elpidio ITA"]
[Date "2007.11.25"]
[Round "2"]
[White "Marconi, Gabriele"]
[Black "Paoloni, Andrea"]
[Result "1-0"]
[WhiteElo "1482"]
[BlackElo "1440"]
[PlyCount "45"]
[EventDate "2007.11.24"]

1. d4 d5 2. e3 Nf6 3. Nd2 b6 4. Ngf3 Bb7 5. c4 e6 6. b3 Nbd7 7. Bb2 c5 8. Bd3
cxd4 9. exd4 Bb4 10. O-O O-O 11. Rc1 Ne4 12. Bb1 Nxd2 13. Nxd2 Rc8 14. Nf3 Re8
15. Qd3 g6 16. Rc2 Bc6 17. Bc1 e5 18. dxe5 Nxe5 19. Nxe5 Rxe5 20. Bb2 Re1 21.
Rxe1 Bxe1 22. Qd4 Qf8 23. Qh8# 1-0

[Event "X Weekend B"]
[Site "Porto Sant'Elpidio ITA"]
[Date "2007.11.25"]
[Round "2"]
[White "Marconi, Luca"]
[Black "Cataldi, Cristiano"]
[Result "0-1"]
[WhiteElo "1542"]
[BlackElo "1709"]
[PlyCount "150"]
[EventDate "2007.11.24"]

1. d4 d5 2. Nf3 Nf6 3. Nbd2 Bf5 4. e3 e6 5. a3 c5 6. Bb5+ Nbd7 7. O-O Rc8 8. c3
Qb6 9. Ba4 Bd3 10. Re1 cxd4 11. exd4 Bd6 12. Bc2 Bg6 13. h3 Bb8 14. Ba4 Qd6 15.
Ne5 O-O 16. Nef3 Ne4 17. Bxd7 Qxd7 18. Nf1 f6 19. Be3 Qf7 20. Qc1 Bh5 21. N1h2
h6 22. Bf4 e5 23. Be3 Ng5 24. Bxg5 fxg5 25. dxe5 Rce8 26. Qe3 Bg6 27. Rad1 Be4
28. Re2 Bxe5 29. Nxe5 Rxe5 30. f3 Bc2 31. Qxe5 Bxd1 32. Re1 Bb3 33. Qe7 a5 34.
Qxf7+ Kxf7 35. Kf2 h5 36. Nf1 Rd8 37. Ke3 b5 38. Kd4 Kf6 39. Nd2 a4 40. Nxb3
axb3 41. Kc5 Kf5 42. Re2 Kf4 43. Kxb5 d4 44. Re4+ Kg3 45. Rxd4 Rb8+ 46. Ka6
Kxg2 47. Rd5 Kxh3 48. Rxg5 h4 49. Rxg7 Rf8 50. a4 Rxf3 51. a5 Rg3 52. Rh7 Rg2
53. Kb6 Rxb2 54. a6 Ra2 55. Ka7 b2 56. Rb7 Kg2 57. Rb6 h3 58. Kb8 h2 59. a7
h1=Q 60. a8=Q+ Rxa8+ 61. Kxa8 Qa1+ 62. Kb7 b1=R 63. Rxb1 Qxb1+ 64. Kc6 Qb3 65.
Kc5 Qxc3+ 66. Kd5 Kf3 67. Ke6 Qd4 68. Kf5 Qd5+ 69. Kg6 Qe5 70. Kf7 Kg4 71. Kg6
Qe6+ 72. Kh7 Kg5 73. Kh8 Qd7 74. Kg8 Kg6 75. Kf8 Qf7# 0-1

[Event "X Weekend B"]
[Site "Porto Sant'Elpidio ITA"]
[Date "2007.11.25"]
[Round "2"]
[White "Miandro, Steven"]
[Black "Gasparroni, Riccardo"]
[Result "0-1"]
[WhiteElo "1596"]
[BlackElo "1699"]
[PlyCount "96"]
[EventDate "2007.11.24"]

1. d4 Nf6 2. c4 d5 3. cxd5 Qxd5 4. Nc3 Qa5 5. f3 e5 6. d5 Bb4 7. Bd2 c6 8. e4
O-O 9. Bc4 Rd8 10. Nge2 cxd5 11. Nxd5 Nxd5 12. exd5 Bxd2+ 13. Qxd2 Qxd2+ 14.
Kxd2 Nc6 15. a3 Be6 16. Nc3 Bxd5 17. Bxd5 Ne7 18. Ke3 Nxd5+ 19. Nxd5 Rxd5 20.
Rhd1 Rb5 21. Rd2 f5 22. Rad1 Re8 23. Rc2 Rb3+ 24. Rd3 Rxd3+ 25. Kxd3 Kf7 26.
Rc4 Rd8+ 27. Ke3 Ke6 28. b4 Rd6 29. Rc7 f4+ 30. Ke2 Rd7 31. Rc5 b6 32. Rc3 Kd5
33. Rd3+ Kc6 34. Rxd7 Kxd7 35. Kd3 Kc6 36. Ke4 Kb5 37. Kxe5 Ka4 38. Kxf4 Kxa3
39. b5 Kb4 40. Ke5 Kxb5 41. Ke6 a5 42. Kf7 a4 43. Kxg7 a3 44. Kxh7 a2 45. g4
a1=Q 46. h4 Qf6 47. g5 Qxf3 48. g6 Qh5+ 0-1

[Event "X Weekend B"]
[Site "Porto Sant'Elpidio ITA"]
[Date "2007.11.25"]
[Round "2"]
[White "Orlandini, Alessandra"]
[Black "Morelli, Basilio"]
[Result "0-1"]
[WhiteElo "1440"]
[BlackElo "1488"]
[PlyCount "114"]
[EventDate "2007.11.24"]

1. e4 c5 2. Nc3 e6 3. Nf3 Nc6 4. Bc4 a6 5. d3 b5 6. Bb3 Nd4 7. Nxd4 cxd4 8. Ne2
e5 9. O-O Bb7 10. f4 exf4 11. Bxf4 d5 12. Bg3 Nf6 13. exd5 Bxd5 14. Qe1 Be7 15.
c4 bxc4 16. dxc4 Be6 17. Rd1 Bc5 18. Bf2 O-O 19. Bxd4 Bxd4+ 20. Rxd4 Qb6 21.
Kh1 Bg4 22. Rff4 Qe6 23. Rd2 Rae8 24. Bd1 Rd8 25. h3 Bxh3 26. gxh3 Qxh3+ 27.
Kg1 Qe3+ 28. Qf2 Qxd2 29. Bb3 Rfe8 30. Rg4 Rxe2 31. Rxg7+ Kxg7 32. Qg3+ Kh8 33.
Kf1 Rg8 34. Qf3 Rg1+ 35. Kxg1 Re1+ 36. Qf1 Rxf1+ 37. Kxf1 Qxb2 38. c5 Qc3 39.
Bxf7 Qxc5 40. a4 Qc1+ 41. Kf2 Qc2+ 42. Kf1 Qxa4 43. Kf2 Ne4+ 44. Ke3 Nd6 45.
Bh5 Qe4+ 46. Kd2 Qd5+ 47. Kc3 Qxh5 48. Kb4 Qe2 49. Kc5 h5 50. Kxd6 h4 51. Kc6
h3 52. Kb6 h2 53. Ka7 a5 54. Kb6 a4 55. Ka5 a3 56. Ka4 Qb2 57. Ka5 a2 0-1

[Event "X Weekend B"]
[Site "Porto Sant'Elpidio ITA"]
[Date "2007.11.25"]
[Round "2"]
[White "Pescatore, Lorenzo"]
[Black "Di Mantino, Mauro"]
[Result "1/2-1/2"]
[WhiteElo "1600"]
[BlackElo "1726"]
[PlyCount "31"]
[EventDate "2007.11.24"]

1. e4 c5 2. Nf3 d6 3. d4 cxd4 4. Nxd4 Nf6 5. Nc3 a6 6. Be3 e5 7. Nf3 Qc7 8. Be2
Be7 9. O-O b5 10. Nd5 Nxd5 11. Qxd5 Bb7 12. Qd3 Nd7 13. Nd2 Nc5 14. Qc3 Rc8 15.
Bxc5 Qxc5 16. Qxc5 1/2-1/2

[Event "X Weekend B"]
[Site "Porto Sant'Elpidio ITA"]
[Date "2007.11.25"]
[Round "2"]
[White "Ragnini, Damiano"]
[Black "Piccioli, Lorenzo"]
[Result "0-1"]
[WhiteElo "1616"]
[BlackElo "1503"]
[PlyCount "132"]
[EventDate "2007.11.24"]

1. d4 g6 2. c4 Bg7 3. Nc3 d6 4. Nf3 e6 5. Bg5 Ne7 6. e3 h6 7. Bh4 g5 8. Bg3 Nf5
9. Bd3 Nxg3 10. fxg3 b6 11. O-O Bb7 12. Rc1 Nd7 13. Qc2 a6 14. Qf2 Qe7 15. a4
a5 16. Nb5 O-O-O 17. Rc2 Kb8 18. Rb1 e5 19. Be2 Be4 20. Rcc1 Bxb1 21. Rxb1 exd4
22. Nfxd4 Bxd4 23. Nxd4 Ne5 24. b4 axb4 25. Rxb4 Kc8 26. Nb5 Kd7 27. Nd4 Ra8
28. Bf3 Ra5 29. Nf5 Qf6 30. Nd4 Nxf3+ 31. Nxf3 Rha8 32. h3 Rxa4 33. Rxa4 Rxa4
34. Qc2 Qa1+ 35. Kh2 Ra2 36. Qf5+ Ke7 37. Nd4 Qb2 38. Nc6+ Kf8 39. Qe4 Kg7 40.
Nd4 c5 41. Nf5+ Kf6 42. Nxd6 Qe5 43. Qf3+ Ke6 44. Nxf7 Qf6 45. Qd5+ Ke7 46. Ne5
Qe6 47. Nc6+ Kf6 48. Qd8+ Kf7 49. Qc7+ Kg6 50. Ne5+ Kf5 51. g4+ Ke4 52. Nf3
Kxe3 53. Qg3 Qf6 54. Nxg5+ Kd4 55. Nf3+ Kxc4 56. Qe1 Qxf3 57. Qc1+ Qc3 58. Qf4+
Kb3 59. Qf7+ Qc4 60. Qf3+ Kb4 61. h4 Qe2 62. Qf4+ c4 63. Qd6+ Ka5 64. Qd5+ b5
65. Qa8+ Kb4 66. Qf8+ Kb3 0-1

[Event "X Weekend B"]
[Site "Porto Sant'Elpidio ITA"]
[Date "2007.11.25"]
[Round "2"]
[White "Santarelli, Enrico"]
[Black "Gjoklaj, Shpetim"]
[Result "1/2-1/2"]
[WhiteElo "1671"]
[BlackElo "1599"]
[PlyCount "113"]
[EventDate "2007.11.24"]

1. Nf3 b6 2. b3 g6 3. Bb2 Nf6 4. e3 Nc6 5. Be2 Bg7 6. O-O O-O 7. c4 d6 8. d4 e6
9. Nbd2 Bb7 10. Rc1 Ne7 11. Bd3 c5 12. Qe2 Qc7 13. Rfd1 Rfe8 14. Bb1 Rad8 15.
h3 Nd7 16. Nf1 d5 17. Ng3 Nf5 18. Nxf5 exf5 19. cxd5 Bxd5 20. Nd2 Qb7 21. Qf1
Nf8 22. Nc4 Ne6 23. Ne5 f4 24. dxc5 fxe3 25. c6 exf2+ 26. Qxf2 Qc7 27. Nd7 Nf4
28. Bxg7 Re2 29. Qd4 Nxh3+ 30. Kf1 Rf2+ 31. Ke1 Re8+ 32. Be5 Bxg2 33. Qd6 Qxd6
34. Rxd6 f6 35. Nxf6+ Rxf6 36. Rxf6 Rxe5+ 37. Kd2 Re8 38. c7 Bb7 39. Rd6 Rc8
40. Be4 Ba6 41. Bf3 Ng5 42. Bg4 Ne4+ 43. Ke3 Nxd6 44. Bxc8 Bxc8 45. Rd1 Nf5+
46. Kf4 Kf7 47. Ke5 h5 48. b4 a6 49. a4 h4 50. Rd8 Ne7 51. Rh8 g5 52. Rh7+ Ke8
53. Kf6 Nd5+ 54. Kxg5 h3 55. b5 axb5 56. axb5 Ne7 57. Rh8+ 1/2-1/2

[Event "X Weekend B"]
[Site "Porto Sant'Elpidio ITA"]
[Date "2007.11.25"]
[Round "2"]
[White "Sorcinelli, Matteo"]
[Black "Piergentili, Roberto"]
[Result "0-1"]
[WhiteElo "1458"]
[BlackElo "1787"]
[PlyCount "80"]
[EventDate "2007.11.24"]

1. Nf3 Nf6 2. b3 e6 3. Bb2 b6 4. e3 Bb7 5. Nc3 c5 6. d4 cxd4 7. exd4 d5 8. Ne5
Be7 9. Bb5+ Nbd7 10. Qf3 O-O 11. Nxd7 Nxd7 12. O-O Rc8 13. Bd3 Nf6 14. a4 Bd6
15. g3 Re8 16. Nb5 Bb8 17. c4 Bc6 18. cxd5 Bxd5 19. Qd1 e5 20. dxe5 Bxe5 21.
Bxe5 Rxe5 22. Nxa7 Qd7 23. Nxc8 Qh3 24. f3 Ng4 25. Ra2 Ne3 26. Qe2 Qxc8 27. Rb1
Ng4 28. Qc2 Qe6 29. Bc4 Re1+ 30. Rxe1 Qxe1+ 31. Kg2 Ne3+ 32. Kh3 Nxc2 33. Rxc2
Bxc4 34. Rxc4 g6 35. Rc6 Qe3 36. b4 Qxf3 37. Rxb6 g5 38. a5 h5 39. Rb8+ Kg7 40.
Re8 Qf1# 0-1

[Event "X Weekend B"]
[Site "Porto Sant'Elpidio ITA"]
[Date "2007.11.25"]
[Round "2"]
[White "Tamburini, Giovanni"]
[Black "Brandoni, Nicola"]
[Result "1/2-1/2"]
[WhiteElo "1464"]
[BlackElo "1425"]
[PlyCount "50"]
[EventDate "2007.11.24"]

1. e4 c5 2. Nc3 Nc6 3. g3 g6 4. Bg2 Bg7 5. d3 d6 6. f4 f5 7. Nf3 Nf6 8. Be3 Ng4
9. Bg1 Qb6 10. Rb1 O-O 11. h3 Nh6 12. Bf2 e5 13. fxe5 Nxe5 14. O-O fxe4 15.
Nxe5 Bxe5 16. Nxe4 Be6 17. Ng5 Bxa2 18. Be3 Rxf1+ 19. Qxf1 Bd4 20. Bxd4 cxd4
21. Qf4 Rf8 22. Qh4 Kg7 23. Re1 Bf7 24. Re7 Qxb2 25. Ne6+ Kg8 1/2-1/2

[Event "X Weekend B"]
[Site "Porto Sant'Elpidio ITA"]
[Date "2007.11.25"]
[Round "3"]
[White "Balzano, Aldo"]
[Black "Santarelli, Enrico"]
[Result "1-0"]
[WhiteElo "1581"]
[BlackElo "1671"]
[PlyCount "79"]
[EventDate "2007.11.24"]

1. d4 g6 2. c4 Bg7 3. Nc3 d6 4. e4 Nd7 5. f3 e6 6. Be3 b6 7. Nh3 Bb7 8. Be2 Ne7
9. O-O a6 10. Nf2 h6 11. Qd2 Kf8 12. d5 e5 13. b4 Kg8 14. Rab1 g5 15. Nd3 Ng6
16. c5 Bc8 17. cxd6 cxd6 18. Nb2 Bf6 19. Rfc1 Bb7 20. Nc4 Be7 21. Bf1 Kh7 22.
Ne2 Rg8 23. Ng3 Nh4 24. Qf2 Rc8 25. Nxb6 Rxc1 26. Rxc1 f5 27. Nxf5 Nxf5 28.
exf5 Nxb6 29. Bxb6 Qf8 30. Bd3 Bf6 31. Be4 Qa8 32. Qd2 Rc8 33. Rc7+ Rxc7 34.
Bxc7 Qa7+ 35. Qf2 Qa8 36. Qb6 Bxd5 37. Qxd6 Bxe4 38. Qxf6 Bd5 39. Qg6+ Kh8 40.
Bxe5# 1-0

[Event "X Weekend B"]
[Site "Porto Sant'Elpidio ITA"]
[Date "2007.11.25"]
[Round "3"]
[White "Cataldi, Cristiano"]
[Black "Miandro, Steven"]
[Result "1-0"]
[WhiteElo "1709"]
[BlackElo "1596"]
[PlyCount "110"]
[EventDate "2007.11.24"]

1. d4 Nf6 2. Nf3 g6 3. c4 Bg7 4. Nc3 O-O 5. e4 d6 6. Bf4 Nh5 7. Bg5 c6 8. Qd2
Qc7 9. Bh6 e5 10. Bxg7 Kxg7 11. g3 f5 12. Bg2 f4 13. O-O Nd7 14. Bh3 h6 15. d5
c5 16. Be6 Ndf6 17. Nh4 Kh7 18. Nb5 Qe7 19. Bxc8 Rfxc8 20. Nc3 a6 21. Qe2 Qd7
22. Qf3 Rf8 23. Qg2 Rf7 24. h3 fxg3 25. fxg3 Raf8 26. Rf3 Ng8 27. Raf1 Kg7 28.
Ne2 Rxf3 29. Rxf3 Rxf3 30. Nxf3 Nhf6 31. Nd2 Qa4 32. Nc3 Qb4 33. Nd1 b5 34. Qe2
Ne7 35. a3 Qa5 36. Nf3 b4 37. axb4 Qxb4 38. g4 g5 39. Nf2 Ng6 40. Qc2 Nf4 41.
h4 Nh7 42. Kh2 Kf6 43. Nh3 gxh4 44. Nxf4 exf4 45. e5+ Kg7 46. exd6 Nf6 47. Kh3
Qb8 48. Nxh4 Kf7 49. Qg6+ Kf8 50. Qxf6+ Kg8 51. Qe6+ Kf8 52. Ng6+ Kg7 53. Nxf4
Qb3+ 54. Kh4 Qd1 55. Qg6+ Kf8 1-0

[Event "X Weekend B"]
[Site "Porto Sant'Elpidio ITA"]
[Date "2007.11.25"]
[Round "3"]
[White "Di Mantino, Mauro"]
[Black "Binci, Filippo"]
[Result "1-0"]
[WhiteElo "1726"]
[BlackElo "1488"]
[PlyCount "103"]
[EventDate "2007.11.24"]

1. e4 c6 2. Nc3 d5 3. Nf3 Bg4 4. h3 Bxf3 5. Qxf3 e6 6. a3 Nd7 7. d4 Bd6 8. e5
Bc7 9. Qg4 g6 10. Bg5 Ne7 11. Bd3 h6 12. Qh4 h5 13. O-O a6 14. b4 Nf8 15. Na4
b6 16. f4 Nh7 17. g4 Nxg5 18. fxg5 a5 19. Nc3 b5 20. Qf2 Rf8 21. Nxb5 Rb8 22.
Nxc7+ Qxc7 23. gxh5 Nf5 24. Bxf5 exf5 25. c3 a4 26. Rae1 Qe7 27. Qf4 Rd8 28. h4
Rh8 29. h6 Rh7 30. Re3 Rd7 31. e6 fxe6 32. Rfe1 Qd8 33. Rxe6+ Rde7 34. Rxe7+
Rxe7 35. Rxe7+ Qxe7 36. Qe5 Qxe5 37. dxe5 Kf7 38. e6+ Kxe6 39. h7 f4 40. h8=Q
Kf5 41. Kf2 Kg4 42. Qc8+ Kxh4 43. Kf3 Kxg5 44. Qg4+ Kf6 45. Qxf4+ Ke6 46. Ke3
Ke7 47. Kd4 Ke6 48. Qe5+ Kd7 49. Kc5 Kc8 50. Kxc6 Kd8 51. Qe6 d4 52. Qd7# 1-0

[Event "X Weekend B"]
[Site "Porto Sant'Elpidio ITA"]
[Date "2007.11.25"]
[Round "3"]
[White "Gasparroni, Riccardo"]
[Black "Giampieri, Stefano"]
[Result "1-0"]
[WhiteElo "1699"]
[BlackElo "1392"]
[PlyCount "85"]
[EventDate "2007.11.24"]

1. e4 c5 2. Nf3 Nf6 3. e5 Nd5 4. d4 e6 5. c4 Nb6 6. Nc3 cxd4 7. Nxd4 Qc7 8. f4
Bb4 9. Ndb5 Qc6 10. Nd6+ Bxd6 11. Qxd6 Qxd6 12. exd6 O-O 13. a4 a5 14. Be3 Nxc4
15. Bxc4 Nc6 16. O-O Rb8 17. Bb6 Re8 18. Rae1 Kf8 19. Nb5 Kg8 20. Nc7 Rf8 21.
Bb5 f5 22. Re2 g6 23. Bxc6 bxc6 24. Bxa5 Rb7 25. b4 c5 26. bxc5 Ra7 27. Bb6
Rxa4 28. Rd2 Bb7 29. Nxe6 Re8 30. Nc7 Ree4 31. Nd5 Bxd5 32. Rxd5 Rad4 33. Rxd4
Rxd4 34. Rc1 Rb4 35. c6 dxc6 36. d7 Rxb6 37. d8=Q+ Kg7 38. Qxb6 Kh6 39. Qd8 Kg7
40. Rxc6 Kh6 41. Qg5+ Kg7 42. Rc7+ Kh8 43. Qd8# 1-0

[Event "X Weekend B"]
[Site "Porto Sant'Elpidio ITA"]
[Date "2007.11.25"]
[Round "3"]
[White "Gasparroni, Roberto"]
[Black "Santarelli, Gabriele"]
[Result "0-1"]
[WhiteElo "1506"]
[BlackElo "1440"]
[PlyCount "122"]
[EventDate "2007.11.24"]

1. Nf3 Nf6 2. d4 e6 3. c4 b6 4. Nc3 Bb4 5. Bg5 Bb7 6. e3 Be7 7. Bxf6 Bxf6 8.
Be2 Na6 9. a3 c5 10. O-O Rc8 11. Nb5 Qe7 12. Nxa7 Ra8 13. Nb5 O-O 14. Rb1 Rfd8
15. Ne1 d5 16. b3 Qe8 17. f4 Qc6 18. cxd5 Qxd5 19. Bf3 Qd7 20. Bxb7 Qxb7 21.
Qf3 Qd7 22. Qe2 cxd4 23. Rd1 Qc6 24. exd4 Rd5 25. Nc3 Qxc3 26. Rf3 Qc6 27. Rfd3
Qd6 28. Qf2 Qxa3 29. Rc3 Rad8 30. Nf3 Qb4 31. Rcd3 Nc7 32. g4 Nb5 33. g5 Bxd4
34. Nxd4 Rxd4 35. Rxd4 Rxd4 36. Rxd4 Qxd4 37. Qxd4 Nxd4 38. b4 Ne2+ 39. Kf2
Nxf4 40. Kf3 Nd5 41. b5 Kf8 42. Ke4 Nc3+ 43. Kd4 Nxb5+ 44. Kc4 Nd6+ 45. Kd4 Ke7
46. Ke5 b5 47. Kd4 b4 48. Kd3 b3 49. Kc3 Ne4+ 50. Kxb3 Nxg5 51. Kc3 Kf6 52. Kd3
Kf5 53. Ke3 h5 54. h4 f6 55. hxg5 fxg5 56. Kf3 e5 57. Kg3 e4 58. Kf2 Kf4 59.
Kg2 h4 60. Kf2 h3 61. Kf1 e3 0-1

[Event "X Weekend B"]
[Site "Porto Sant'Elpidio ITA"]
[Date "2007.11.25"]
[Round "3"]
[White "Giri, Giovanni"]
[Black "Marconi, Gabriele"]
[Result "1-0"]
[WhiteElo "1631"]
[BlackElo "1482"]
[PlyCount "100"]
[EventDate "2007.11.24"]

1. e4 e5 2. Nf3 Nc6 3. Bb5 d6 4. d4 Bd7 5. c3 g6 6. Bg5 Be7 7. Bxe7 Ngxe7 8.
O-O a6 9. Ba4 Nc8 10. h3 Nb6 11. Bc2 Qe7 12. Nbd2 O-O-O 13. a4 Rdg8 14. a5 Na8
15. Qe2 f5 16. d5 Nd8 17. c4 f4 18. b4 g5 19. b5 g4 20. hxg4 Rxg4 21. bxa6 Qg7
22. Ne1 Rg8 23. f3 Rh4 24. Qf2 Qh6 25. Qa7 Rh1+ 26. Kf2 Rxf1+ 27. Kxf1 Qh1+ 28.
Kf2 Bh3 29. axb7+ Kd7 30. Bd3 Rxg2+ 31. Nxg2 Qxg2+ 32. Ke1 Nxb7 33. Qxb7 Qg3+
34. Kd1 Qg1+ 35. Kc2 Qxa1 36. Qxa8 Qa2+ 37. Kd1 Qa1+ 38. Ke2 Qd4 39. Qc6+ Kd8
40. c5 Qe3+ 41. Kd1 Qxd3 42. cxd6 cxd6 43. Qxd6+ Kc8 44. Qc6+ Kd8 45. d6 Bd7
46. Qb6+ Ke8 47. a6 Ba4+ 48. Ke1 Bb5 49. Qb8+ Kd7 50. Qc7+ Ke8 1-0

[Event "X Weekend B"]
[Site "Porto Sant'Elpidio ITA"]
[Date "2007.11.25"]
[Round "3"]
[White "Gjoklaj, Shpetim"]
[Black "Gasparroni, Daniele"]
[Result "1/2-1/2"]
[WhiteElo "1599"]
[BlackElo "1760"]
[PlyCount "93"]
[EventDate "2007.11.24"]

1. d4 d5 2. c4 c6 3. Nc3 Nf6 4. Nf3 e6 5. c5 b6 6. b4 a5 7. Qb3 b5 8. bxa5 Qxa5
9. a4 Ne4 10. Bd2 Nxd2 11. Nxd2 Nd7 12. e4 b4 13. Nd1 Be7 14. Bd3 Ba6 15. O-O
Bxd3 16. Qxd3 O-O 17. f4 dxe4 18. Nxe4 Rfd8 19. Qh3 Nf6 20. Ng5 Rxd4 21. Kh1
Qxc5 22. Qf3 h6 23. Nh3 Qd5 24. Ne3 Qxf3 25. Rxf3 Nd5 26. a5 b3 27. Nxd5 Rxd5
28. Rxb3 Rdxa5 29. Rc1 Ra1 30. Rbc3 R8a6 31. Rxc6 Rxc6 32. Rxa1 Bc5 33. Rc1 Rc7
34. Nf2 Bb6 35. Rxc7 Bxc7 36. Nd3 g5 37. fxg5 hxg5 38. g3 f5 39. Kg2 Kf7 40. h3
e5 41. g4 fxg4 42. hxg4 Ke6 43. Kf3 Kd5 44. Nf2 Kd4 45. Ne4 Bd8 46. Ng3 Ba5 47.
Ne4 1/2-1/2